| 000 | 00522nam a22001817a 4500 | ||
|---|---|---|---|
| 999 |
_c194518 _d194518 |
||
| 005 | 20221227144948.0 | ||
| 010 | _aENG- 135951 | ||
| 020 |
_a9789390961474 _c525.00 |
||
| 035 | _aEN-119483 | ||
| 037 | _bDBAD/PUB | ||
| 082 | _aS | ||
| 100 | _aSathe, Nitin | ||
| 245 |
_a1971.1999. War stories/ _cby Nitin Sathe |
||
| 260 |
_aNew Delhi _bVitasta publishing Pvt. Ltd _c2023 |
||
| 270 |
_a2/15, Ansari road,Daryaganj _bNew Delhi _e110002 |
||
| 300 |
_avii, 221p. _bAcknowledgements _c21cm(hbk) |
||
| 942 |
_2ddc _cEN _mSAT _hS |
||